100 Most Populated Cities in the World - Statistics

General Stats
  • This quiz has been taken 45 times
  • The average score is 70 of 100
Answer Stats
Country City % Correct
Japan Tokyo
100%
China Beijing
95%
Egypt Cairo
95%
United States New York City
95%
India Delhi
93%
Turkey Istanbul
93%
Mexico Mexico City
93%
Russia Moscow
93%
France Paris
93%
Thailand Bangkok
90%
United Kingdom London
90%
Spain Madrid
90%
India Mumbai
90%
Brazil Sao Paulo
90%
China Shanghai
90%
Singapore Singapore
90%
Iraq Baghdad
88%
Argentina Buenos Aires
88%
South Africa Cape Town
88%
Hong Kong Hong Kong
88%
Philippines Manila
88%
Australia Melbourne
88%
Brazil Rio De Janeiro
88%
Italy Rome
88%
Russia Saint Petersburg
88%
South Korea Seoul
88%
Canada Toronto
88%
Turkey Ankara
85%
Bangladesh Dhaka
85%
Indonesia Jakarta
85%
Nigeria Lagos
85%
Peru Lima
85%
Japan Osaka
85%
Australia Sydney
85%
Taiwan Taipei
85%
Egypt Alexandria
83%
South Africa Johannesburg
83%
Afghanistan Kabul
83%
Pakistan Karachi
83%
Saudi Arabia Riyadh
83%
Iran Tehran
83%
Spain Barcelona
80%
Colombia Bogota
80%
Vietnam Ho Chi Minh City
80%
Canada Montreal
80%
Ethiopia Addis Ababa
78%
Vietnam Hanoi
78%
DR Congo Kinshasa
78%
India Kolkata
78%
Malaysia Kuala Lumpur
78%
Brazil Brasilia
76%
Kenya Nairobi
76%
China Guangzhou
73%
Angola Luanda
73%
China Wuhan
73%
China Xi'an
73%
Brazil Belo Horizonte
71%
India Chennai
71%
India Hyderabad
71%
Pakistan Lahore
71%
India Bangalore
68%
Tanzania Dar Es Salaam
68%
Mexico Guadalajara
68%
Saudi Arabia Jeddah
68%
Ivory Coast Abidjan
66%
India Ahmedabad
66%
Sudan Khartoum
66%
Mexico Monterrey
66%
Japan Nagoya
66%
China Chongqing
63%
China Tianjin
63%
Cameroon Yaounde
63%
Chile Santiago
61%
China Shenzhen
61%
Myanmar Yangon
61%
China Chengdu
59%
China Nanjing
56%
Bangladesh Chittagong
54%
China Hangzhou
54%
Nigeria Kano
51%
India Pune
51%
China Qingdao
51%
India Surat
44%
Japan Fukuoka
41%
China Shenyang
39%
China Urumqi
39%
China Zhengzhou
39%
China Dalian
37%
China Changsha
34%
China Hefei
34%
China Kunming
34%
China Dongguan
32%
China Ningbo
29%
China Jinan
24%
China Shantou
24%
China Changchun
22%
China Foshan
20%
China Suzhou
20%
China Ha'erbin
17%
China Shijiazhuang
17%
No matching quizzes found
Score Distribution
Percent of People with Each Score
Percentile by Number Answered
Your Score History
You have not taken this quiz